000 00331nam a2200121Ia 4500
999 _c8385
_d8385
008 191201s2019 xx 000 0 und d
100 _aRastogi,Sameer
245 0 _aPharmaceutical Jurisprudence 2nd year
260 _aNew Delhi
_bMACKHINGEE PUBLISHER
300 _a136
650 _aPharmaceutical Jurisprudence
942 _2ddc
_cBK
_01